000 00395nam a2200133Ia 4500
005 20260328104244.0
008 260328s9999||||xx |||||||||||||| ||und||
100 _aStassano Ráquel, Angela Maria
245 0 _aAdobe, Madera, ladrillo en la Arquitectura de San Pedro Sula /
_cAngela Maria Stassano Ráquel
260 _bTransamérica
300 _a169 p.
650 _aARQUITECTURA
942 _cBK
999 _c10017
_d10017